Statistics for Weird and Random #1

Click here to take the quiz!

General Stats

  • This quiz has been taken 28 times
  • The average score is 35 of 60

Answer Stats

QuestionTileSelect% Correct
The oldest found musical instrument (so far) is...~2,021 years oldNo
96%
Pick the composer who was born in Austria (country/empire)Frédéric ChopinNo
92%
Which one is not a serial killer?Ted BundyNo
92%
How many senses does a human being have?4No
88%
Between the 17th-19th century nostalgia used to be...Art genreNo
88%
Which company is famous for selling uranium to kids inside a "toy" lab?DisneyNo
88%
Women's fashion choice that's actually very dangerous.HotpantsNo
88%
The oldest found musical instrument (so far) is...6,300-6,500 years oldNo
83%
"The fruit machine" was used to identify gays by...IsraelNo
83%
Pilates was invented by...Italian athleteNo
83%
Women's fashion choice that's actually very dangerous.Push-up braNo
83%
When did "Taiwan" (ROC) hold a seat in the United Nations? (as "China")1920 - 1945No
79%
Which company is famous for selling uranium to kids inside a "toy" lab?C.D. TuskaNo
79%
In 1952, British military accidentally(?) spread _____ to their own populace.CoronavirusNo
79%
Which creature is not a cryptid (studied by cryptozoology)?Dobhar-chú / King OtterNo
79%
The surgery that came firstGallbladder removalNo
79%
The Church of the SubGenius teaches you a message of / gaining...GoldNo
79%
Pick the composer who was born in Austria (country/empire)Johann Sebastian BachNo
79%
Michael Jackson's Moonwalker is a game developed for...NintendoNo
79%
Between the 17th-19th century nostalgia used to be...Philosophical movementNo
79%
Michael Jackson's Moonwalker is a game developed for...XboxNo
79%
The surgery that came firstCoronary Artery Bypass GraftNo
75%
In 1952, British military accidentally(?) spread _____ to their own populace.HIVNo
75%
The Church of the SubGenius teaches you a message of / gaining..."Ticket to heaven"No
75%
Pilates was invented by...American gym ownerNo
71%
Which creature is not a cryptid (studied by cryptozoology)?Congolese Giant SpiderNo
71%
Between the 17th-19th century nostalgia used to be..."Good old times" -storyNo
71%
The oldest found musical instrument (so far) is...~10,000 years oldNo
67%
When did "Taiwan" (ROC) hold a seat in the United Nations? (as "China")1945 - 1949No
67%
How many senses does a human being have?6No
67%
Pilates was invented by...Colombian dance instructorNo
67%
Women's fashion choice that's actually very dangerous.Fake eyelashesNo
67%
"The fruit machine" was used to identify gays by...Saudi ArabiaNo
67%
Which one is not a serial killer?Amelia DyerNo
63%
When did "Taiwan" (ROC) hold a seat in the United Nations? (as "China")NeverNo
63%
Which one is not a serial killer?Jane ToppanNo
58%
Which creature is not a cryptid (studied by cryptozoology)?PlatypusNo
58%
Michael Jackson's Moonwalker is a game developed for...Sony (PS)No
58%
In 1952, British military accidentally(?) spread _____ to their own populace.EbolaNo
54%
The oldest found musical instrument (so far) is...42,000-43,000 years oldYes
50%
How many senses does a human being have?5No
50%
The surgery that came firstCesarean (successful)No
50%
Women's fashion choice that's actually very dangerous.High heelsYes
50%
Which company is famous for selling uranium to kids inside a "toy" lab?MattelNo
42%
"The fruit machine" was used to identify gays by...Soviet UnionNo
42%
The Church of the SubGenius teaches you a message of / gaining...Spiritual arousalNo
38%
Between the 17th-19th century nostalgia used to be...DiseaseYes
33%
When did "Taiwan" (ROC) hold a seat in the United Nations? (as "China")1945 - 1971Yes
29%
In 1952, British military accidentally(?) spread _____ to their own populace.Black DeathYes
29%
Michael Jackson's Moonwalker is a game developed for...SegaYes
29%
Pick the composer who was born in Austria (country/empire)Wolfgang Amadeus MozartNo
29%
Which creature is not a cryptid (studied by cryptozoology)?California condorYes
25%
Which company is famous for selling uranium to kids inside a "toy" lab?A.C. GilbertYes
21%
Which one is not a serial killer?Charles MansonYes
21%
The surgery that came firstBrain surgery (trepanation)Yes
17%
How many senses does a human being have?more than 6Yes
17%
Pilates was invented by...German prisonerYes
13%
Pick the composer who was born in Austria (country/empire)Johan Strauss IIYes
8%
The Church of the SubGenius teaches you a message of / gaining...SlackYes
8%
"The fruit machine" was used to identify gays by...CanadaYes
0%

Score Distribution

Percentile by Number Answered

Percent of People with Each Score

Your Score History

You have not taken this quiz